| 000 | 006490000a22001690004500 | ||
|---|---|---|---|
| 090 |
_aAR _b00809 |
||
| 245 | 1 | 0 | _aComunidades vegetales del flanco norte del cerro "El Cielo", e inventario florístico de la vegetación del Parque Nacional Tayrona (<Magdalena, Colombia>) |
| 650 | 1 | 4 |
_aBotánica _9361 |
| 650 | 1 | 4 |
_aInventarios de vegetación _993148 |
| 650 | 1 | 4 |
_aEcología vegetal _9353 |
| 651 | 4 |
_lCerro El Cielo _dMagdalena _pColombia _992749 |
|
| 651 | 4 |
_lParque Nacional Natural Tayrona _dMagdalena _pColombia _992749 |
|
| 041 | 0 | _aEspañol | |
| 100 | 1 |
_aLozano Contreras, Gustavo _920520 |
|
| 942 | _cARTICULO | ||
| 773 | 1 |
_tPreprint _33 _q407-421 _d1984? |
|
| 999 |
_c9899 _d9899 |
||